MARC

LEADER 00000nam0a2200000 4500
001 123551
005 20231031130515.0
020 |a RU  |b 83-93291 
035 |a (RuTPU)RU\TPU\book\133731 
090 |a 123551 
100 |a 20071018d1983 km a0rusy5003 ca 
101 0 |a rus 
102 |a RU 
105 |a y z 001zy 
200 1 |a Зарубежный Восток: религиозные традиции и современность  |e [сборник статей]  |f Академия наук СССР (АН СССР), Институт востоковедения (ИВ) ; под ред. Л. Р. Полонской 
210 |a Москва  |c Наука  |d 1983 
215 |a 264 с.  |d 21 см 
320 |a Библиография в примечаниях в конце статей. 
610 1 |a Зарубежный Восток 
610 1 |a религия 
610 1 |a традиции 
610 1 |a современность 
610 1 |a историография 
610 1 |a религиозные традиции 
610 1 |a культурная жизнь 
610 1 |a Ближний Восток 
610 1 |a Средний Восток 
610 1 |a Южная Азия 
610 1 |a Юго-Восточная Азия 
610 1 |a Дальний Восток 
610 1 |a общественно-политическая жизнь 
686 |a Э3  |2 rubbk 
702 1 |a Полонская  |b Л. Р.  |g Людмила Рафаиловна  |4 340 
712 0 2 |a Академия наук СССР (АН СССР)  |b Институт востоковедения (ИВ)  |c (Москва)  |2 stltpush  |3 (RuTPU)RU\TPU\col\11263 
801 0 |a RU  |b RuMRKP  |c 19950704  |g psbo 
801 1 |a RU  |b 63413507  |c 20071018  |g PSBO 
801 2 |a RU  |b 63413507  |c 20080110  |g PSBO 
942 |c BK